Last 8 teams in Champions League since 2000 - Statistics

General Stats
  • This quiz has been taken 25,218 times
    455 since last reset
  • The average score is 35 of 46
Answer Stats
Teams % Correct
FC Barcelona
99%
Paris Saint-Germain
99%
Real Madrid
99%
Arsenal FC
98%
Inter Milan
98%
Liverpool FC
98%
AC Milan
97%
Atletico Madrid
97%
Bayern Munich
97%
Manchester City
97%
Borussia Dortmund
95%
Juventus
95%
Manchester United
95%
Sporting CP
95%
Chelsea FC
94%
FC Porto
91%
Tottenham Hotspur
91%
SL Benfica
89%
Aston Villa
88%
Olympique Lyonnais
88%
AFC Ajax
87%
AS Roma
86%
Olympique de Marseille
84%
SSC Napoli
84%
AS Monaco
80%
Bayer Leverkusen
79%
Valencia
77%
PSV Eindhoven
75%
Villarreal
75%
SS Lazio
73%
Sevilla FC
72%
RB Leipzig
71%
Schalke 04
65%
Atalanta
63%
Galatasaray SK
63%
Leicester City
62%
Deportivo La Coruna
58%
VfL Wolfsburg
58%
Bordeaux
46%
CSKA Moscow
46%
Malaga CF
43%
Leeds United
42%
Shakhtar Donetsk
41%
Fenerbahçe SK
38%
APOEL
29%
Panathinaïkos
26%
No matching quizzes found
Score Distribution
Percent of People with Each Score
Percentile by Number Answered
Your Score History
You have not taken this quiz since the last reset